Premier League XIs 2014-15 - Statistics

General Stats
  • This quiz has been taken 422 times
    395 since last reset
  • The average score is 78 of 220
Answer Stats
Position Answer Club % Correct
GK David de Gea Manchester United
84%
GK Joe Hart Manchester City
81%
ST Wayne Rooney Manchester United
81%
MF Jamie Vardy Leicester City
78%
ST Sergio Agüero Manchester City
78%
GK Thibaut Courtois Chelsea
78%
DF Gary Cahill Chelsea
76%
MF Leroy Fer Queens Park Rangers
76%
ST Olivier Giroud Arsenal
76%
MF Mesut Özil Arsenal
75%
MF David Silva Manchester City
74%
DF John Terry Chelsea
74%
DF Per Mertesacker Arsenal
74%
MF Eden Hazard Chelsea
73%
DF Vincent Kompany Manchester City
73%
ST Harry Kane Tottenham Hotspur
72%
DF Pablo Zabaleta Manchester City
72%
MF Alexis Sanchez Arsenal
71%
ST Diego Costa Chelsea
71%
GK Simon Mignolet Liverpool
71%
GK Hugo Lloris Tottenham Hotspur
70%
GK Kasper Schmeichel Leicester City
70%
DF Laurent Koscielny Arsenal
70%
ST Robin van Persie Manchester United
69%
DF Wes Morgan Leicester City
68%
MF David Jones Burnley
67%
DF Phil Jones Manchester United
67%
MF Yaya Touré Manchester City
67%
DF Chris Smalling Manchester United
66%
DF Gaël Clichy Manchester City
66%
ST Raheem Sterling Liverpool
66%
ST Romelu Lukaku Everton
65%
DF César Azpilicueta Chelsea
64%
MF Riyad Mahrez Leicester City
64%
MF Willian Chelsea
64%
DF Jan Vertonghen Tottenham Hotspur
63%
MF Oscar Chelsea
63%
MF Steven Gerrard Liverpool
63%
ST Wilfried Zaha Crystal Palace
63%
MF Antonio Valencia Manchester United
62%
ST Enner Valencia West Ham United
61%
DF Martin Škrtel Liverpool
61%
DF Leighton Baines Everton
60%
MF Santi Cazorla Arsenal
60%
GK Tim Howard Everton
60%
MF Cesc Fabregas Chelsea
59%
MF Aaron Ramsey Arsenal
58%
MF Adam Johnson Sunderland
58%
DF Branislav Ivanović Chelsea
58%
DF Nathaniel Clyne Southampton
58%
MF Nemanja Matić Chelsea
58%
DF Séamus Coleman Everton
57%
MF Fernandinho Manchester City
56%
DF Toby Alderweireld Southampton
56%
MF Juan Mata Manchester United
55%
MF Ashley Young Manchester United
54%
MF Jordan Henderson Liverpool
54%
GK Łukasz Fabiański Swansea City
54%
DF Danny Rose Tottenham Hotspur
53%
GK Fraser Forster Southampton
53%
DF Nacho Monreal Arsenal
53%
MF Philippe Coutinho Liverpool
53%
GK David Ospina Arsenal
52%
DF Martín Demichelis Manchester City
52%
ST Sadio Mané Southampton
52%
ST Christian Benteke Aston Villa
51%
ST Danny Welbeck Arsenal
50%
MF Gareth Barry Everton
49%
MF Mark Noble West Ham United
49%
DF Alberto Moreno Liverpool
48%
MF Christian Eriksen Tottenham Hotspur
48%
DF Dejan Lovren Liverpool
48%
DF Joel Ward Crystal Palace
48%
DF Phil Jagielka Everton
48%
MF Adam Lallana Liverpool
47%
GK Ben Foster West Bromwich Albion
47%
MF Ander Herrera Manchester United
44%
ST Diafra Sakho West Ham United
43%
ST Gabby Agbonlahor Aston Villa
42%
MF Ross Barkley Everton
42%
ST Graziano Pellè Southampton
41%
DF Marcos Rojo Manchester United
41%
MF Érik Lamela Tottenham Hotspur
40%
MF Jesús Navas Manchester City
40%
MF Joe Allen Liverpool
40%
MF Moussa Sissoko Newcastle United
40%
DF Craig Dawson West Bromwich Albion
39%
DF Eric Dier Tottenham Hotspur
39%
MF Francis Coquelin Arsenal
39%
DF Michael Dawson Hull City
39%
ST Ashley Barnes Burnley
38%
DF Curtis Davies Hull City
38%
DF Daley Blind Manchester United
38%
DF Keiran Trippier Burnley
38%
MF Kevin Mirallas Everton
38%
ST Steven Fletcher Sunderland
38%
DF John Stones Everton
37%
DF Ben Mee Burnley
36%
DF Joleon Lescott West Bromwich Albion
36%
ST Leonardo Ulloa Leicester City
36%
MF Morgan Schneiderlin Southampton
36%
DF Ashley Williams Swansea City
35%
MF James McCarthy Everton
35%
MF Fabian Delph Aston Villa
34%
GK Tim Krul Newcastle United
34%
MF Gylfi Sigurðsson Swansea City
33%
DF Ryan Shawcross Stoke City
33%
GK Tom Heaton Burnley
33%
ST Charlie Austin Queens Park Rangers
32%
GK Asmir Begović Stoke City
31%
ST Danny Ings Burnley
31%
MF Jonjo Shelvey Swansea City
31%
DF Marc Wilson Stoke City
31%
MF Matthew James Leicester City
31%
DF Neil Taylor Swansea City
31%
MF Yannick Bolasie Crystal Palace
31%
MF Tom Cleverley Aston Villa
30%
DF Aaron Cresswell West Ham United
29%
GK Brad Guzan Aston Villa
29%
DF John O'Shea Sunderland
29%
MF Victor Wanyama Southampton
29%
DF Emre Can Liverpool
28%
DF Fabricio Coloccini Newcastle United
28%
MF Marko Arnautović Stoke City
27%
DF Ryan Bertrand Southampton
27%
DF Wes Brown Sunderland
27%
DF Eliaquim Mangala Manchester City
26%
MF Esteban Cambiasso Leicester City
26%
MF Steven Davis Southampton
25%
DF James Collins West Ham United
24%
MF James McArthur Crystal Palace
24%
MF Nacer Chadli Tottenham Hotspur
24%
MF Nathan Dyer Swansea City
24%
MF Tom Huddlestone Hull City
24%
GK Adrián West Ham United
23%
DF Federico Fernández Swansea City
23%
MF Jordi Gómez Sunderland
23%
GK Julián Speroni Crystal Palace
23%
MF Matt Phillips Queens Park Rangers
23%
DF Winston Reid West Ham United
23%
ST Ayoze Pérez Newcastle United
22%
MF Ashley Westwood Aston Villa
21%
ST Jon Walters Stoke City
21%
DF José Fonte Southampton
21%
GK Rob Green Queens Park Rangers
21%
DF Scott Dann Crystal Palace
21%
MF Stewart Downing West Ham United
21%
MF Chris Brunt West Bromwich Albion
20%
ST Mame Biram Diouf Stoke City
20%
MF Dušan Tadić Southampton
19%
MF Wayne Routledge Swansea City
19%
DF Àngel Rangel Swansea City
18%
MF Jeffrey Schlupp Leicester City
18%
ST Saido Berahino West Bromwich Albion
18%
ST Bafétimbi Gomis Swansea City
17%
MF Jake Livermore Hull City
17%
MF Joey Barton Queens Park Rangers
17%
ST Nikica Jelavić Hull City
17%
DF Erik Pieters Stoke City
16%
MF Jason Puncheon Crystal Palace
16%
MF Sebastian Larsson Sunderland
16%
GK Allan McGregor Hull City
15%
GK Costel Pantilimon Sunderland
15%
DF Ritchie De Laet Leicester City
15%
MF Cheikhou Kouyaté West Ham United
14%
DF Ciaran Clark Aston Villa
14%
MF Lee Cattermole Sunderland
14%
MF Mile Jedinak Crystal Palace
14%
MF Ryan Mason Tottenham Hotspur
14%
MF Ahmed Elmohamady Hull City
13%
DF Daryl Janmaat Newcastle United
13%
DF Gareth McAuley West Bromwich Albion
13%
MF Glenn Whelan Stoke City
13%
MF James Morrison West Bromwich Albion
13%
DF Martin Kelly Crystal Palace
13%
DF Alan Hutton Aston Villa
12%
DF Patrick Van Aanholt Sunderland
12%
MF Alex Song West Ham United
11%
DF Damien Delaney Crystal Palace
11%
DF Geoff Cameron Stoke City
11%
MF Jack Colback Newcastle United
11%
DF Paul Dummett Newcastle United
11%
DF Phil Bardsley Stoke City
11%
DF Richard Dunne Queens Park Rangers
11%
MF Steven Naismith Everton
11%
MF Steven N'Zonzi Stoke City
11%
ST Andreas Weimann Aston Villa
10%
ST Bobby Zamora Queens Park Rangers
10%
ST Stéphane Sessègnon West Bromwich Albion
10%
MF David Meyler Hull City
9%
MF George Boyd Burnley
9%
DF Mike Williamson Newcastle United
9%
MF Nabil Bentaleb Tottenham Hotspur
9%
MF Vurnon Anita Newcastle United
9%
DF Aly Cissokho Aston Villa
8%
ST Connor Wickham Sunderland
8%
MF Karl Henry Queens Park Rangers
8%
DF Carl Jenkinson West Ham United
7%
MF Craig Gardner West Bromwich Albion
7%
DF Federico Fazio Tottenham Hotspur
7%
DF Mike Duff Burnley
7%
DF Paul Konchesky Leicester City
7%
DF Paul McShane Hull City
7%
DF James Chester Hull City
6%
DF Jores Okore Aston Villa
6%
DF Marcin Wasilewski Leicester City
6%
DF Nedum Onuoha Queens Park Rangers
6%
MF Rémy Cabella Newcastle United
6%
DF Steven Caulker Queens Park Rangers
5%
MF Yoan Gouffran Newcastle United
5%
MF Graeme Dorrans West Bromwich Albion
4%
MF Ki Sung-Yueng Swansea City
4%
MF Scott Arfield Burnley
4%
DF Andre Wisdom West Bromwich Albion
3%
MF Dean Marney Burnley
3%
MF Joe Ledley Crystal Palace
3%
MF Stephen Quinn Hull City
3%
DF Mauricio Isla Queens Park Rangers
2%
DF Jason Shackell Burnley
1%
DF Santiago Vergini Sunderland
1%
No matching quizzes found
Score Distribution
Percent of People with Each Score
Percentile by Number Answered
Your Score History
You have not taken this quiz since the last reset